Հայաստան. կլիմայի փոփոխության հիմնահարցերը = (Record no. 169164)
[ view plain ]
| 000 -LEADER | |
|---|---|
| fixed length control field | 01515nam a2200289 a 4500 |
| 001 - CONTROL NUMBER | |
| control field | 000463947 |
| 003 - CONTROL NUMBER IDENTIFIER | |
| control field | AM-YeHGA |
| 005 - DATE AND TIME OF LATEST TRANSACTION | |
| control field | 20250617133647.0 |
| 008 - FIXED-LENGTH DATA ELEMENTS--GENERAL INFORMATION | |
| fixed length control field | 051116s1999 ai r 000 0 arm d |
| 020 ## - INTERNATIONAL STANDARD BOOK NUMBER | |
| International Standard Book Number | 5808004020 |
| 040 ## - CATALOGING SOURCE | |
| Original cataloging agency | AM-YeHGA |
| 041 0# - LANGUAGE CODE | |
| Language code of text/sound track or separate title | arm |
| -- | rus |
| -- | eng |
| 090 ## - LOCALLY ASSIGNED LC-TYPE CALL NUMBER (OCLC); LOCAL CALL NUMBER (RLIN) | |
| -- | 170597 |
| 245 00 - TITLE STATEMENT | |
| Title | Հայաստան. կլիմայի փոփոխության հիմնահարցերը = |
| Remainder of title | Армения: проблемы изменения климата = Armenia: climate change problems; Հոդվածների ժողովածու / |
| Statement of responsibility, etc. | Խմբ.՝ Ա. Գաբրիելյան; ՀՀ բնապահպանության նախարարություն; ՄԱԿ-ի զարգացման ծրագիր: ԳԷՖ. |
| 246 31 - VARYING FORM OF TITLE | |
| Title proper/short title | Армения: проблемы изменения климата |
| 246 31 - VARYING FORM OF TITLE | |
| Title proper/short title | Armenia: climate change problems |
| 260 ## - PUBLICATION, DISTRIBUTION, ETC. | |
| Place of publication, distribution, etc. | Երևան : |
| Name of publisher, distributor, etc. | Գիտություն, |
| Date of publication, distribution, etc. | 1999. |
| 300 ## - PHYSICAL DESCRIPTION | |
| Extent | 373 էջ : |
| Other physical details | գծագր. ; |
| Dimensions | 29 սմ. |
| 504 ## - BIBLIOGRAPHY, ETC. NOTE | |
| Bibliography, etc. note | Մատենագիտ.՝ հոդվածների վերջում |
| 650 14 - SUBJECT ADDED ENTRY--TOPICAL TERM | |
| Topical term or geographic name entry element | Էկոլոգիա |
| 650 14 - SUBJECT ADDED ENTRY--TOPICAL TERM | |
| Topical term or geographic name entry element | Արտանետումների սահմանափակում |
| Geographic subdivision | Հայաստան |
| 653 1# - INDEX TERM--UNCONTROLLED | |
| Uncontrolled term | Կլիմատոլոգիա |
| 700 1# - ADDED ENTRY--PERSONAL NAME | |
| Personal name | Գաբրիելյան, Ա. |
| Relator term | խմբ. |
| Relationship | edt |
| 710 2# - ADDED ENTRY--CORPORATE NAME | |
| Corporate name or jurisdiction name as entry element | Հայաստանի Հանրապետության բնապահպանության նախարարություն |
| 710 2# - ADDED ENTRY--CORPORATE NAME | |
| Corporate name or jurisdiction name as entry element | Միացյալ ազգերի կազմակերպության զարգացման ծրագիր |
| 710 2# - ADDED ENTRY--CORPORATE NAME | |
| Corporate name or jurisdiction name as entry element | Գլոբալ էկոլոգիական ֆոնդ |
| Withdrawn status | Lost status | Damaged status | Not for loan | Collection | Home library | Current library | Date acquired | Cost, normal purchase price | Total checkouts | Full call number | Barcode | Date last seen | Price effective from | Koha item type | Public note |
|---|---|---|---|---|---|---|---|---|---|---|---|---|---|---|---|
| General | Fundamental Scientific Library | Fundamental Scientific Library | 28/12/2016 | 2000.00 | AIII/6809 | FL0076481 | 28/12/2016 | 28/12/2016 | Գրքեր / Books | 30 Days Loan | |||||
| General | Fundamental Scientific Library | Fundamental Scientific Library | 28/12/2016 | 2000.00 | AIII/6810 | FL0076480 | 28/12/2016 | 28/12/2016 | Գրքեր / Books | 30 Days Loan | |||||
| General | Fundamental Scientific Library | Fundamental Scientific Library | 28/12/2016 | 1200.00 | AIII/6842 | FL0078754 | 28/12/2016 | 28/12/2016 | Գրքեր / Books | 30 Days Loan |
ՀՀ Գիտությունների ազգային ակադեմիայի հիմնարար գիտական գրադարան = Fundamental Scientific Library of NAS RA
All site content, except where otherwise noted, is licensed under a